[Event "78th UKR-ch"]
[Site "Alushta UKR"]
[Date "2009.05.18"]
[Round "8"]
[White "Tukhaev, Adam"]
[WhiteElo "2517"]
[Black "Kovalev, Denis"]
[BlackElo "2447"]
[Result "1-0"]
[EventDate "2009.05.10"]
[PlyCount "78"]

1. e4 c6 2. d4 d5 3. Nc3 dxe4 4. Nxe4 Bf5 5. Nc5 b6 6. Nb3 Nf6 7. Nf3 e6 8. g3
Nbd7 9. Bg2 Rc8 10. O-O Bd6 11. Qe2 Be4 12. Nbd2 Bxf3 13. Bxf3 O-O 14. Nc4 Bb8
15. b3 b5 16. Ne5 Nxe5 17. dxe5 Nd5 18. c4 bxc4 19. bxc4 Ne7 20. Ba3 c5 21. Bb7
Rc7 22. Rfd1 Qe8 23. Rab1 Qa4 24. Qd3 g6 25. Rb5 Nc6 26. Bxc5 Nxe5 27. Qb3 Qxb3
28. axb3 Re8 29. Kg2 f6 30. Ra1 Kg7 31. Ra6 Nd3 32. Be3 Ne1+ 33. Kf1 Nc2 34.
Bc5 e5 35. Rd6 Ree7 36. Bc6 Rc8 37. Rd2 Rf7 38. Bb7 Rcc7 39. Bd5 Nd4 1-0

[Event "78th UKR-ch"]
[Site "Alushta UKR"]
[Date "2009.05.18"]
[Round "8"]
[White "Kislinsky, Alexey"]
[WhiteElo "2455"]
[Black "Yakymov, Volodymyr"]
[BlackElo "2453"]
[Result "0-1"]
[EventDate "2009.05.10"]
[PlyCount "122"]

1. e4 e5 2. Nf3 Nf6 3. d4 Nxe4 4. Bd3 d5 5. Nxe5 Bd6 6. Nc3 Nxc3 7. bxc3 Qh4 8.
O-O O-O 9. f4 c5 10. g3 Qd8 11. Qh5 f5 12. Re1 Nd7 13. Qh3 c4 14. Nxd7 Bxd7 15.
Be2 Qa5 16. Bd2 Ba4 17. Bd1 Kh8 18. Qg2 Rad8 19. h4 Ba3 20. Rb1 Bc6 21. h5 Rf6
22. Kh2 Bf8 23. Bf3 Qa4 24. Rg1 Qxc2 25. Rbe1 Qb2 26. Re2 Qa3 27. g4 fxg4 28.
Qxg4 Bd7 29. Qg5 Bf5 30. Re5 h6 31. Qh4 Qxa2 32. Rg2 Qa5 33. Qg3 Qc7 34. Rg1
Bd6 35. Rxd5 Rf7 36. Rg2 Be6 37. Re5 Bxe5 38. dxe5 Rd3 39. Qf2 Qb6 40. Qe2 Bf5
41. Bg4 Qe6 42. Bf3 a5 43. Be1 a4 44. Rg3 Qe7 45. Kg2 Bh7 46. Rg4 Qe6 47. Bf2
Rxc3 48. Qd2 Rd3 49. Qa5 Rf8 50. Rg3 Qf7 51. Bc5 b6 52. Qxb6 Rd2+ 53. Bf2 Qxf4
54. Qc7 Qf7 55. Qxf7 Rxf7 56. e6 Re7 57. Bg4 Be4+ 58. Kf1 Rd3 59. Rg1 Bf3 60.
Bf5 Rd5 61. Bh4 Re8 0-1

[Event "78th UKR-ch"]
[Site "Alushta UKR"]
[Date "2009.05.18"]
[Round "8"]
[White "Luzhinsky, Vitaly"]
[WhiteElo "2298"]
[Black "Dmitrenko, Viktor"]
[BlackElo "2338"]
[Result "1-0"]
[EventDate "2009.05.10"]
[PlyCount "175"]

1. d4 d5 2. c4 c6 3. Nc3 Nf6 4. e3 e6 5. Nf3 Nbd7 6. Bd3 dxc4 7. Bxc4 b5 8. Bd3
Bb7 9. e4 b4 10. Na4 c5 11. e5 Nd5 12. O-O cxd4 13. Re1 g6 14. Bg5 Qa5 15. Nxd4
a6 16. Bd2 Bg7 17. a3 Nxe5 18. Be4 Rb8 19. axb4 Qd8 20. Nc5 O-O 21. Ndb3 Bc8
22. Bxd5 Qxd5 23. Bf4 f6 24. Bxe5 fxe5 25. Re4 Rf4 26. Qxd5 exd5 27. Rxf4 exf4
28. Nd3 Bf5 29. Nbc5 Bf8 30. Ra4 Bxc5 31. Nxc5 Bc2 32. b3 d4 33. Kf1 Re8 34.
Rxa6 Bf5 35. f3 Rd8 36. Ke1 d3 37. Kd1 Rb8 38. Ra4 g5 39. Kd2 Rc8 40. Ne4 Rc2+
41. Kxd3 Rxg2 42. Ra5 Bg6 43. Kd4 Rb2 44. Ra3 Kf7 45. Nxg5+ Ke7 46. h4 Kd6 47.
Ne4+ Kc6 48. Kc3 Re2 49. Ra6+ Kb5 50. Ra5+ Kb6 51. Nd2 Re3+ 52. Kb2 Re2 53. Rd5
Kc6 54. Rd4 Rh2 55. Ka3 Rxh4 56. Nc4 Be8 57. Rd8 Bg6 58. Rd6+ Kb7 59. b5 Rh5
60. b6 Be8 61. b4 Rb5 62. Na5+ Kc8 63. b7+ Kc7 64. Rf6 h5 65. Rxf4 Bd7 66. Kb3
Rf5 67. Rc4+ Kb8 68. Rc3 h4 69. Rd3 Rf7 70. Rd6 Kc7 71. Kb2 Rh7 72. Rd2 h3 73.
Rh2 Rg7 74. Kc3 Rg2 75. Rh1 Rg3 76. Kd4 Rxf3 77. Rc1+ Kb8 78. Rg1 Rf8 79. Rg7
Kc7 80. Rh7 Rf4+ 81. Kc3 Rf3+ 82. Kd2 Rf8 83. Ke3 Rd8 84. Ke4 Kb8 85. Ke5 Kc7
86. Kd5 Kb8 87. Kc5 Ka7 88. b5 1-0

[Event "78th UKR-ch"]
[Site "Alushta UKR"]
[Date "2009.05.18"]
[Round "8"]
[White "Strelnikov, Sergei"]
[WhiteElo "2393"]
[Black "Shtanko, Dmitry"]
[BlackElo "2311"]
[Result "1-0"]
[EventDate "2009.05.10"]
[PlyCount "95"]

1. d4 Nf6 2. c4 e6 3. Nc3 Bb4 4. f3 d5 5. a3 Bxc3+ 6. bxc3 b6 7. cxd5 exd5 8.
Qa4+ Bd7 9. Qc2 c5 10. e4 dxe4 11. fxe4 cxd4 12. cxd4 Nc6 13. Nf3 Rc8 14. Qb1
Bg4 15. d5 Bxf3 16. gxf3 Nd4 17. Bb5+ Nd7 18. O-O Qh4 19. Bxd7+ Kxd7 20. Qd3
Rc2 21. Bd2 Qf6 22. Rad1 Rhc8 23. Kh1 Ra2 24. Be1 Rcc2 25. Rd2 Qf4 26. Rxc2
Rxc2 27. Bg3 Qd2 28. Qxd2 Rxd2 29. Rc1 Rc2 30. Rxc2 Nxc2 31. a4 Ne3 32. Bf2 Nc4
33. Bd4 f6 34. Kg2 Kd6 35. Kf2 Nd2 36. Bc3 Nb3 37. Bb4+ Ke5 38. Ke3 Nc5 39. f4+
Kd6 40. Kd4 g5 41. fxg5 a5 42. Ba3 fxg5 43. e5+ Kd7 44. Bxc5 bxc5+ 45. Kxc5 h5
46. e6+ Ke7 47. d6+ Kxe6 48. Kc6 1-0

[Event "78th UKR-ch"]
[Site "Alushta UKR"]
[Date "2009.05.18"]
[Round "8"]
[White "Kuzmin, Gennady"]
[WhiteElo "2443"]
[Black "Bernadskyi, Vitalii"]
[BlackElo "2327"]
[Result "1/2-1/2"]
[EventDate "2009.05.10"]
[PlyCount "89"]

1. e4 e5 2. Nf3 Nc6 3. Bb5 a6 4. Ba4 Nf6 5. O-O Be7 6. Re1 b5 7. Bb3 d6 8. c3
O-O 9. h3 Rb8 10. d4 exd4 11. cxd4 d5 12. e5 Ne4 13. Nc3 Nxc3 14. bxc3 Bf5 15.
Nh2 Na5 16. Nf1 Nxb3 17. axb3 Rb6 18. Ng3 Bg6 19. Ba3 Bxa3 20. Rxa3 b4 21. cxb4
Qe7 22. Ra5 Qxb4 23. Rxd5 Bc2 24. Qa1 Bxb3 25. Rc5 c6 26. Nf5 Re8 27. Rb1 g6
28. Nd6 Reb8 29. Ra5 Kg7 30. Rxa6 Rxa6 31. Qxa6 Qxd4 32. Qa5 Rf8 33. Qc7 Be6
34. Re1 Qc3 35. Re3 Qc1+ 36. Kh2 Qb2 37. Kg3 h5 38. Qe7 Qc2 39. h4 Qd1 40. Re4
Kg8 41. Rf4 c5 42. Qg5 Qd5 43. Ne4 Kg7 44. Nf6 Qd1 45. Ne4 1/2-1/2

[Event "78th UKR-ch"]
[Site "Alushta UKR"]
[Date "2009.05.18"]
[Round "8"]
[White "Stolpovskyi, Serhii"]
[WhiteElo "2151"]
[Black "Poluektov, Yury"]
[BlackElo "2390"]
[Result "0-1"]
[EventDate "2009.05.10"]
[PlyCount "134"]

1. d4 Nf6 2. c4 e6 3. Nf3 b6 4. Nc3 Bb4 5. Qc2 Bb7 6. Bg5 h6 7. Bd2 O-O 8. e3
d5 9. cxd5 exd5 10. Bd3 a6 11. O-O Nbd7 12. Rac1 Bd6 13. Rfe1 c5 14. Bf5 Re8
15. e4 cxd4 16. Nxd5 Nxd5 17. exd5 Rxe1+ 18. Rxe1 Bxd5 19. Bh7+ Kh8 20. Be4 Rc8
21. Qb1 Bxe4 22. Qxe4 Nc5 23. Qxd4 Nd3 24. Bc3 Rxc3 25. Qxc3 Nxe1 26. Qxe1 Qf6
27. Qe2 g6 28. g3 Kg7 29. Kg2 a5 30. Qc2 Bc5 31. b3 Kf8 32. Qd2 g5 33. h3 Ke7
34. Qe2+ Qe6 35. Qd2 f5 36. Kf1 Qe4 37. Qe2 Kd6 38. g4 Kd5 39. gxf5 Qxf5 40.
Qc4+ Kd6 41. Qg4 Qd3+ 42. Kg2 Qe2 43. Qg3+ Kd5 44. h4 g4 45. Ng1 Qe4+ 46. Kf1
Qb1+ 47. Kg2 h5 48. Ne2 Qe4+ 49. Kf1 Qh1+ 50. Ng1 Ke6 51. Qb8 Qxh4 52. Qc8+ Kf7
53. Qd7+ Kg6 54. Qe8+ Kg7 55. Qd7+ Qe7 56. Qf5 Qf6 57. Qd7+ Kh6 58. Qd2+ Kg6
59. Qd3+ Qf5 60. Qe2 Kg5 61. Qb2 Qd3+ 62. Ne2 Qd1+ 63. Kg2 Qd5+ 64. Kg1 Qf7 65.
Qd2+ Kh4 66. Nf4 g3 67. Kg2 gxf2 0-1

[Event "78th UKR-ch"]
[Site "Alushta UKR"]
[Date "2009.05.18"]
[Round "8"]
[White "Finherov, Dmytro"]
[WhiteElo "2381"]
[Black "Dolzhykova, Kateryna"]
[BlackElo "2291"]
[Result "1/2-1/2"]
[EventDate "2009.05.10"]
[PlyCount "111"]

1. e4 c5 2. c3 e6 3. d4 d5 4. exd5 exd5 5. Nf3 a6 6. Be2 Nc6 7. O-O Bd6 8. dxc5
Bxc5 9. Nbd2 Nge7 10. Nb3 Bd6 11. Bg5 O-O 12. Bh4 Qc7 13. Bg3 Bxg3 14. hxg3 Bg4
15. Re1 Rad8 16. Nfd4 Bxe2 17. Qxe2 h6 18. Rad1 Ng6 19. Nxc6 Qxc6 20. Nd4 Qc4
21. a3 Qxe2 22. Rxe2 Rfe8 23. Rxe8+ Rxe8 24. Kf1 Ne7 25. Nc2 Rc8 26. Ne3 Rc5
27. Ke2 f6 28. f4 Kf7 29. f5 a5 30. Rd4 b5 31. Kd2 h5 32. Rh4 g6 33. g4 hxg4
34. Rh7+ Kf8 35. fxg6 Nxg6 36. Nxg4 f5 37. Nf6 Rc6 38. Nd7+ Kg8 39. Rh5 Kf7 40.
b4 axb4 41. axb4 Rd6 42. Nc5 Kf6 43. Ke3 Rd8 44. g3 Rg8 45. Kd4 Ne7 46. Rh6+
Kf7 47. Rh7+ Kf6 48. Nd7+ Ke6 49. Ne5 Kd6 50. Rh6+ Kc7 51. Re6 Kd8 52. Rd6+ Kc8
53. Nc6 Rg4+ 54. Kc5 Nxc6 55. Rxc6+ Kd7 56. Kxd5 1/2-1/2

[Event "78th UKR-ch"]
[Site "Alushta UKR"]
[Date "2009.05.18"]
[Round "8"]
[White "Pavlov, Maxim"]
[WhiteElo "2353"]
[Black "Kharchenko, Boris"]
[BlackElo "2474"]
[Result "1/2-1/2"]
[EventDate "2009.05.10"]
[PlyCount "49"]

1. e4 e5 2. Nf3 Nc6 3. Bb5 a6 4. Bxc6 dxc6 5. Nc3 f6 6. d4 Bg4 7. dxe5 Qxd1+ 8.
Nxd1 Bxf3 9. gxf3 fxe5 10. f4 Nf6 11. f3 Bd6 12. fxe5 Bxe5 13. Nf2 Nh5 14. Nd3
Bd6 15. Be3 O-O 16. Ke2 Rf7 17. Raf1 b6 18. Rf2 c5 19. b3 Re8 20. Rg1 g6 21.
Rg5 Ng7 22. Rg4 Nh5 23. Rg5 Ng7 24. Rg4 Nh5 25. Rg5 1/2-1/2

[Event "78th UKR-ch"]
[Site "Alushta UKR"]
[Date "2009.05.18"]
[Round "8"]
[White "Golovany, Andrei"]
[WhiteElo "2280"]
[Black "Mazurchak, Bohdan"]
[BlackElo "2164"]
[Result "1-0"]
[EventDate "2009.05.10"]
[PlyCount "119"]

1. d4 Nf6 2. Nf3 b6 3. c4 e6 4. a3 Bb7 5. Nc3 Be7 6. d5 d6 7. e4 e5 8. Bd3 O-O
9. O-O a5 10. Rb1 Nbd7 11. b4 Nh5 12. Re1 g6 13. Bf1 Ng7 14. Be3 f5 15. exf5
Nxf5 16. Bd2 axb4 17. axb4 Nf6 18. Bd3 Bc8 19. Ra1 Rxa1 20. Qxa1 Nh5 21. Qd1
Nf4 22. Bxf4 exf4 23. Ne2 Nh4 24. Ned4 Bf6 25. Ne6 Bxe6 26. dxe6 Nxf3+ 27. Qxf3
Qe7 28. b5 Be5 29. Be4 Kg7 30. Bd5 Qf6 31. Re4 h5 32. h3 Re8 33. Re2 Re7 34.
Qe4 g5 35. Qf3 Kh6 36. g4 h4 37. Kg2 Kg7 38. Ra2 Bd4 39. Qe4 Qe5 40. Kf3 Kf6
41. Qxe5+ dxe5 42. Ke4 Bc5 43. f3 Re8 44. Ra7 Bd6 45. c5 bxc5 46. b6 cxb6 47.
Rf7+ Kg6 48. Rd7 Be7 49. Kxe5 Kg7 50. Rb7 Kf8 51. Rxb6 Rc8 52. Bc4 Rd8 53. Ra6
Rd4 54. Bd5 Rd1 55. Ra8+ Kg7 56. Re8 Re1+ 57. Kf5 Bf6 58. Be4 Rd1 59. e7 Kf7
60. Rf8+ 1-0

[Event "78th UKR-ch"]
[Site "Alushta UKR"]
[Date "2009.05.18"]
[Round "8"]
[White "Kovtun, Sergei"]
[WhiteElo "2288"]
[Black "Trehubov, Vadym"]
[BlackElo "2237"]
[Result "1-0"]
[EventDate "2009.05.10"]
[PlyCount "79"]

1. e4 c5 2. Nf3 d6 3. d4 cxd4 4. Qxd4 Nc6 5. Bb5 Bd7 6. Bxc6 Bxc6 7. Bg5 Nf6 8.
Bxf6 gxf6 9. Nc3 Rg8 10. Nh4 Qa5 11. g3 e6 12. f4 f5 13. O-O-O fxe4 14. Nxe4
O-O-O 15. a3 Bg7 16. Qe3 d5 17. Qc5 Qc7 18. Ng5 b6 19. Qf2 d4 20. Rhe1 d3 21.
Rxd3 Rxd3 22. cxd3 h6 23. Nh3 Kb8 24. Kb1 Qd7 25. Qe3 Qd5 26. f5 Qb3 27. f6 Bd5
28. Qe5+ Ka8 29. Nf4 Qa2+ 30. Kc1 Rc8+ 31. Kd2 Bf8 32. Nxd5 Bxa3 33. Rc1 Rxc1
34. Kxc1 Bxb2+ 35. Qxb2 Qxd5 36. Qg2 Qxg2 37. Nxg2 Kb7 38. Nf4 Kc6 39. Nxe6 Kd6
40. Nd8 1-0

[Event "78th UKR-ch"]
[Site "Alushta UKR"]
[Date "2009.05.18"]
[Round "8"]
[White "Truskavetsky, Alexandr"]
[WhiteElo "2391"]
[Black "Melnichuk, Mikhail"]
[BlackElo "2276"]
[Result "1-0"]
[EventDate "2009.05.10"]
[PlyCount "91"]

1. a3 d5 2. Nf3 Nf6 3. c4 e6 4. e3 c5 5. d4 dxc4 6. Bxc4 a6 7. O-O b5 8. Bb3
Bb7 9. Qe2 Nbd7 10. Nc3 Be7 11. Rd1 Qb6 12. e4 cxd4 13. Nxd4 Bc5 14. Be3 Ne5
15. a4 O-O 16. axb5 axb5 17. Rxa8 Rxa8 18. Qxb5 Qxb5 19. Ncxb5 19... Bxe4 $11
20. Nc3 Bg6 21. h3 h6 22. Nc6 Nxc6 23. Bxc5 Ne5 24. Bd4 Nd3 25. Nb5 Nd5 26. Bc4
N5f4 27. Rd2 Ne1 28. f3 28... Ra1 $11 29. Kh2 Bf5 30. b3 Ra8 31. Be3 g5 32. Nd4
Bg6 33. Nc6 Kg7 34. Bd4+ Kh7 35. Ne5 Bh5 36. Nd7 Bg6 37. Nf6+ Kg7 38. Nd7+ Kh7
39. Nf6+ Kg7 40. Nh5+ Kg8 41. Nxf4 gxf4 42. Be5 h5 43. b4 Nc2 44. b5 Ne3 45.
Be2 Nd5 46. Rxd5 1-0

[Event "78th UKR-ch"]
[Site "Alushta UKR"]
[Date "2009.05.18"]
[Round "8"]
[White "Dolhopolov, Oleksandr"]
[WhiteElo "2268"]
[Black "Cherednichenko, Svetlana"]
[BlackElo "2361"]
[Result "1-0"]
[EventDate "2009.05.10"]
[PlyCount "87"]

1. d4 Nf6 2. Nf3 g6 3. c4 Bg7 4. Nc3 O-O 5. e4 d6 6. Be2 e5 7. O-O Nc6 8. d5
Ne7 9. b4 Nh5 10. Re1 f5 11. Ng5 Nf6 12. Bf3 h6 13. Ne6 Bxe6 14. dxe6 Nc6 15.
Nd5 Re8 16. b5 Nd4 17. e7 Qc8 18. exf5 Nxf3+ 19. Qxf3 gxf5 20. Bxh6 Kf7 21. Bg5
c6 22. bxc6 bxc6 23. Bxf6 Bxf6 24. Qh5+ Ke6 25. Ne3 Rg8 26. Qxf5+ Kxe7 27. Qh7+
Kf8 28. Rad1 Rh8 29. Qg6 Qe6 30. Nf5 Rd8 31. f4 Rg8 32. Rxe5 Qxe5 33. Qxg8+
Kxg8 34. fxe5 dxe5 35. Rxd8+ Bxd8 36. Kf2 Kf7 37. Kf3 Kf6 38. Ke4 Bb6 39. h4
Ba5 40. Ne3 Bc3 41. Ng4+ Ke6 42. h5 c5 43. h6 Kf7 44. Nxe5+ 1-0

[Event "78th UKR-ch"]
[Site "Alushta UKR"]
[Date "2009.05.18"]
[Round "8"]
[White "Mukhtarov, Leonid"]
[WhiteElo "2115"]
[Black "Tishin, Dmitry"]
[BlackElo "2299"]
[Result "0-1"]
[EventDate "2009.05.10"]
[PlyCount "72"]

1. Nf3 d5 2. g3 Nf6 3. Bg2 c6 4. O-O Bf5 5. d3 e6 6. Nbd2 h6 7. b3 Nbd7 8. Bb2
Be7 9. Qe1 Bh7 10. e4 O-O 11. Qe2 a5 12. a4 Qb8 13. h3 b5 14. Nd4 Qc7 15. axb5
Bb4 16. c3 Bc5 17. Nxc6 dxe4 18. d4 Bd6 19. c4 Bf5 20. Kh2 Rfe8 21. Nxe4 Nxe4
22. Bxe4 Bxe4 23. Qxe4 f5 24. Qf3 Nf6 25. b6 Qb7 26. d5 Ne4 27. Nxa5 Qxb6 28.
Qh5 exd5 29. Qxf5 Rxa5 30. Rxa5 Qxa5 31. Qg6 Re7 32. Ra1 Qd8 33. Rd1 Qf8 34. f4
Nxg3 35. Rxd5 Qxf4 36. Ba3 Qf2# 0-1

[Event "78th UKR-ch"]
[Site "Alushta UKR"]
[Date "2009.05.18"]
[Round "8"]
[White "Rudak, Vladimir"]
[WhiteElo "2327"]
[Black "Shagbazian, Taron"]
[BlackElo "2216"]
[Result "0-1"]
[EventDate "2009.05.10"]
[PlyCount "112"]

1. e4 c5 2. Nf3 d6 3. d4 cxd4 4. Nxd4 Nf6 5. Nc3 a6 6. Bc4 e6 7. Bb3 Be7 8. g4
h6 9. Rg1 b5 10. Qe2 Qc7 11. h4 b4 12. Na4 g6 13. g5 hxg5 14. Bxg5 e5 15. Qf3
Nbd7 16. Ne2 Bb7 17. Ng3 Rh7 18. O-O-O Bc6 19. c3 a5 20. Kb1 Qb7 21. Rge1 Rb8
22. Rd2 Bb5 23. c4 Bc6 24. Ka1 Rc8 25. c5 dxc5 26. h5 c4 27. hxg6 fxg6 28. Bd1
Bb5 29. Bxf6 Nxf6 30. Rd5 Rf7 31. Rxe5 Nd7 32. Rxb5 Qxb5 33. Qg4 Rc6 34. e5
Nxe5 35. Qh3 Nd3 36. Re3 Qd5 37. Qh8+ Rf8 38. Qg7 Qf7 39. Qd4 Qxf2 40. Nb6 Rxb6
41. Ba4+ Kf7 42. Rxe7+ Kxe7 43. Qd7+ Kf6 44. Ne4+ Ke5 45. Nxf2 Rxf2 46. Qh3
Rbf6 47. Qg3+ Kd4 48. Qg4+ R6f4 49. Qg1 Re4 50. Bd1 Re1 51. Qg4+ Rf4 52. Qd7+
Ke3 53. Qh3+ Kd2 54. Qh2+ Rf2 55. Qh6+ Nf4 56. a4 Rxd1+ 0-1

[Event "78th UKR-ch"]
[Site "Alushta UKR"]
[Date "2009.05.18"]
[Round "8"]
[White "Khazankin, Moisei"]
[WhiteElo "2134"]
[Black "Chos, Alexei"]
[BlackElo "2324"]
[Result "1-0"]
[EventDate "2009.05.10"]
[PlyCount "141"]

1. e4 Nc6 2. Nf3 d5 3. exd5 Qxd5 4. Nc3 Qa5 5. Bc4 Bg4 6. h3 Bh5 7. g4 Bg6 8.
d3 O-O-O 9. Bd2 e6 10. a3 Ne5 11. Nb5 Nxf3+ 12. Qxf3 Qb6 13. b4 a6 14. Be3 c5
15. Nc3 Qc7 16. b5 a5 17. Na4 Nf6 18. b6 Qe5 19. O-O Bd6 20. Rfe1 h5 21. g5 Bf5
22. Qg2 Nd5 23. Bxc5 Qf4 24. Bxd5 exd5 25. Bxd6 Rxd6 26. Qg3 Qxg3+ 27. fxg3
Bxh3 28. Re7 Be6 29. Rb1 Rd7 30. Rxd7 Kxd7 31. Rb5 h4 32. gxh4 Rxh4 33. Rxa5
Kc6 34. Rc5+ Kd6 35. Ra5 Rg4+ 36. Kf2 Rxg5 37. Nc3 Kc6 38. Rb5 Rf5+ 39. Kg3 Rf1
40. a4 Ra1 41. Rb4 Re1 42. Kf2 Rc1 43. Rb2 g5 44. a5 Ra1 45. Na2 Kc5 46. a6 Rh1
47. a7 Rh8 48. Nc3 Bd7 49. Ne2 d4 50. c3 dxc3 51. Nxc3 f5 52. d4+ Kc4 53. Ne2
Rh2+ 54. Kg3 Rh8 55. Kf2 Be6 56. Ra2 Ra8 57. Ra5 Kb4 58. Re5 Bd7 59. Rd5 Be6
60. Re5 Bd7 61. Rc5 Be6 62. Nc3 f4 63. Nb5 g4 64. Nc7 g3+ 65. Kf3 Bg4+ 66. Kxg4
g2 67. Rc1 Rg8+ 68. Kxf4 Rf8+ 69. Kg3 Rf1 70. Kxg2 Rxc1 71. a8=Q 1-0

[Event "78th UKR-ch"]
[Site "Alushta UKR"]
[Date "2009.05.18"]
[Round "8"]
[White "Veremiy, Bogdan"]
[WhiteElo "2239"]
[Black "Stets, Vasilij"]
[BlackElo "2245"]
[Result "1/2-1/2"]
[EventDate "2009.05.10"]
[PlyCount "132"]

1. e4 c5 2. d4 cxd4 3. c3 d3 4. c4 g6 5. Bxd3 Bg7 6. Nf3 Nc6 7. O-O d6 8. Nc3
Nf6 9. Nd5 O-O 10. Bg5 Bg4 11. h3 Bxf3 12. Qxf3 Nxd5 13. exd5 Ne5 14. Qe2 Nxd3
15. Qxd3 Qd7 16. Rae1 Rfe8 17. b3 Rab8 18. Rc1 b5 19. Be3 a5 20. Bd4 bxc4 21.
Rxc4 Bxd4 22. Qxd4 Rb5 23. Rd1 Rc8 24. Qe3 Rxc4 25. bxc4 Rb2 26. Qa3 Re2 27.
Qxa5 Qf5 28. Rf1 Qc2 29. Qb5 Qxa2 30. c5 dxc5 31. Qxc5 Qd2 32. Ra1 Kg7 33. Rf1
Re5 34. Kh2 Qxd5 35. Qc3 f6 36. Ra1 Re2 37. Kg1 Qe5 38. Qxe5 Rxe5 39. Ra7 Re1+
40. Kh2 h5 41. h4 Kf7 42. g3 Re4 43. Kg2 f5 44. f4 Rd4 45. Kf3 Rd3+ 46. Kf2 Kf6
47. Ra6+ Rd6 48. Ra5 Rc6 49. Kf3 Ke6 50. Kf2 Kd6 51. Kf3 e6 52. Ra1 e5 53.
fxe5+ Kxe5 54. Ra5+ Kf6 55. Kf4 Rc4+ 56. Kf3 Rg4 57. Ra6+ Kg7 58. Ra7+ Kh6 59.
Ra6 Re4 60. Ra7 Re6 61. Kf4 Re1 62. Kf3 Rf1+ 63. Kg2 Rd1 64. Kf3 Rd4 65. Rb7
Rg4 66. Rb6 Kg7 1/2-1/2

[Event "78th UKR-ch"]
[Site "Alushta UKR"]
[Date "2009.05.18"]
[Round "8"]
[White "Kravchenko, Leonid"]
[WhiteElo "2180"]
[Black "Andrieiev, Volodymyr"]
[BlackElo "1950"]
[Result "1-0"]
[EventDate "2009.05.10"]
[PlyCount "55"]

1. d4 Nf6 2. c4 g6 3. Nc3 Bg7 4. e4 d6 5. h3 O-O 6. Bg5 Nc6 7. d5 Nb8 8. Bd3 e5
9. Nf3 c5 10. Qd2 a6 11. a4 Qa5 12. O-O Qc7 13. Ne2 Ne8 14. g4 f6 15. Be3 h5
16. Nh2 hxg4 17. hxg4 g5 18. Kg2 Rf7 19. Ng3 Nd7 20. Nf5 Nf8 21. Nf3 Ng6 22.
Rh1 Bd7 23. Rh5 Nf4+ 24. Bxf4 exf4 25. Rah1 Bxa4 26. e5 dxe5 27. Qe2 Kf8 28.
Rh8+ 1-0

[Event "78th UKR-ch"]
[Site "Alushta UKR"]
[Date "2009.05.18"]
[Round "8"]
[White "Cherednichenko, Elena"]
[WhiteElo "2134"]
[Black "Kurayan, Ruslan"]
[BlackElo "2242"]
[Result "0-1"]
[EventDate "2009.05.10"]
[PlyCount "58"]

1. d4 Nf6 2. Nf3 g6 3. Bf4 Bg7 4. e3 O-O 5. Be2 d6 6. h3 c5 7. O-O cxd4 8. exd4
Qb6 9. Nbd2 Be6 10. Qc1 Nc6 11. Be3 Nd5 12. c4 Nxe3 13. fxe3 Rac8 14. b3 f5 15.
Rd1 f4 16. Nf1 Bf5 17. c5 dxc5 18. Qc4+ Kh8 19. dxc5 Qc7 20. Nd4 fxe3 21. Nb5
Qe5 22. Rac1 a6 23. Nc3 Nd4 24. b4 Qf4 25. Kh1 e6 26. a4 Be5 27. Qa2 Qh4 28.
Nxe3 Bxh3 29. Rxd4 Bg4+ 0-1

[Event "78th UKR-ch"]
[Site "Alushta UKR"]
[Date "2009.05.18"]
[Round "8"]
[White "Baranov, Yuriy"]
[WhiteElo "2173"]
[Black "Bogdanovich, Stanislav"]
[BlackElo "2414"]
[Result "0-1"]
[EventDate "2009.05.10"]
[PlyCount "110"]

1. d4 d5 2. c4 dxc4 3. Nf3 Nf6 4. e3 e6 5. Bxc4 c5 6. Nc3 Nc6 7. O-O a6 8. Bd3
Bd6 9. dxc5 Bxc5 10. a3 O-O 11. b4 Bd6 12. Bb2 Qe7 13. Qc2 Bd7 14. Rac1 Rfd8
15. Rfd1 Be8 16. h3 Rac8 17. Qb1 Bb8 18. Be2 Rxd1+ 19. Rxd1 Ne5 20. Ne4 Nxe4
21. Qxe4 Ng6 22. Qb1 Bc6 23. Rc1 Rd8 24. Rd1 Re8 25. Qc2 Qc7 26. g3 Bd5 27.
Qxc7 Bxc7 28. Rc1 Bb8 29. Bd4 Ne7 30. Bb2 Nf5 31. Nd2 Ba7 32. Kh2 Nd6 33. Be5
Rc8 34. Rxc8+ Nxc8 35. Kg1 f6 36. Bb2 Nd6 37. Bd3 e5 38. e4 Be6 39. Kg2 Kf7 40.
f4 exf4 41. gxf4 Be3 42. f5 Bxd2 43. fxe6+ Kxe6 44. Kf3 b5 45. Bc2 Nc4 46. Bb3
Kd6 47. Bxc4 bxc4 48. Bd4 Kc6 49. Ke2 Bf4 50. a4 Be5 51. Bxe5 fxe5 52. Kd2 a5
53. bxa5 g5 54. Kc3 h5 55. Kxc4 Kb7 0-1

[Event "78th UKR-ch"]
[Site "Alushta UKR"]
[Date "2009.05.18"]
[Round "8"]
[White "Ivanets, Serhii"]
[WhiteElo "2228"]
[Black "Kariaka, Anatolii"]
[BlackElo "2126"]
[Result "0-1"]
[EventDate "2009.05.10"]
[PlyCount "70"]

1. e4 e6 2. d4 d5 3. e5 c5 4. c3 Qb6 5. Nf3 Bd7 6. Be2 Bb5 7. c4 Bxc4 8. Bxc4
dxc4 9. d5 Ne7 10. Nc3 Nd7 11. O-O O-O-O 12. Ng5 Nxe5 13. f4 h6 14. fxe5 hxg5
15. Rxf7 Nxd5 16. Bxg5 Be7 17. Bxe7 Nxe7 18. Qe2 Nf5 19. Qxc4 Rh4 20. Ne4 Kb8
21. Re1 Rdh8 22. h3 Qc6 23. Qc2 Rf4 24. Ng5 c4 25. Kh2 Qb6 26. Qd2 Rf2 27. Re2
c3 28. bxc3 Rf1 29. Nf3 a6 30. Qb2 Qc6 31. Rf2 Rd1 32. Nd4 Rxh3+ 33. Kxh3 Rh1+
34. Kg4 Qe4+ 35. Kg5 Qh4+ 0-1

[Event "78th UKR-ch"]
[Site "Alushta UKR"]
[Date "2009.05.18"]
[Round "8"]
[White "Matiushyn, Oleh"]
[WhiteElo "2222"]
[Black "Strygin, Alexandr"]
[BlackElo "2092"]
[Result "1-0"]
[EventDate "2009.05.10"]
[PlyCount "194"]

1. d4 Nf6 2. Nf3 d5 3. c4 e6 4. g3 Be7 5. Bg2 O-O 6. O-O dxc4 7. Qa4 a6 8. Qxc4
b5 9. Qc2 Bb7 10. Bd2 Be4 11. Qc1 Bb7 12. Rd1 Qc8 13. a4 c5 14. axb5 axb5 15.
Rxa8 Bxa8 16. dxc5 Bxc5 17. Be3 Nbd7 18. Na3 Qc6 19. Bxc5 Nxc5 20. b4 Na6 21.
Qxc6 Bxc6 22. Ne5 Bxg2 23. Kxg2 Nxb4 24. Nxb5 Nbd5 25. Nd6 Rd8 26. Ra1 h6 27.
Ndxf7 Rf8 28. Ra7 Nc3 29. Kf1 Rb8 30. f3 Kh7 31. Ra1 Nfd5 32. Nc4 Rb4 33. Nfe5
Nb6 34. Nxb6 Rxb6 35. Nd3 Kg6 36. h4 Kf6 37. Rc1 Nd5 38. Kf2 Ra6 39. Rc2 Rb6
40. Rc4 Ra6 41. Nf4 Nxf4 42. Rxf4+ Ke7 43. h5 Ra5 44. g4 Re5 45. Ra4 Rb5 46.
Ra7+ Kf6 47. f4 e5 48. Ra6+ Kf7 49. f5 Rb4 50. Rg6 Ra4 51. e3 Rb4 52. Kf3 Ra4
53. Re6 Ra5 54. Ke4 Ra4+ 55. Kxe5 Rxg4 56. Ra6 Rb4 57. Ra7+ Kf8 58. e4 Rb5+ 59.
Kf4 Rb1 60. Rd7 Ra1 61. Ke5 Ra6 62. Rd6 Ra4 63. f6 gxf6+ 64. Rxf6+ Kg7 65. Rg6+
Kh7 66. Rd6 Ra1 67. Rd7+ Kg8 68. Kf6 Ra6+ 69. Kf5 Ra1 70. e5 Rg1 71. Kf6 Rf1+
72. Kg6 Kf8 73. Rh7 Rg1+ 74. Kf6 Rf1+ 75. Ke6 Ra1 76. Rf7+ Ke8 77. Rb7 Ra6+ 78.
Kf5 Ra1 79. Rg7 Rf1+ 80. Ke6 Kf8 81. Rg6 Ra1 82. Rf6+ Ke8 83. Kf5 Rf1+ 84. Kg6
Re1 85. Rf5 Ke7 86. Kxh6 Ke6 87. Rg5 Ra1 88. Kg6 Ra8 89. h6 Rg8+ 90. Kh5 Rh8
91. Rg7 Kxe5 92. Kg6 Ra8 93. h7 Ra6+ 94. Kg5 Ra1 95. Re7+ Kd6 96. Re8 Rg1+ 97.
Kf4 Rf1+ 1-0

[Event "78th UKR-ch"]
[Site "Alushta UKR"]
[Date "2009.05.18"]
[Round "8"]
[White "Yermolkevych, Oleksii"]
[WhiteElo "2097"]
[Black "Matsegora, Taras"]
[BlackElo "2196"]
[Result "0-1"]
[EventDate "2009.05.10"]
[PlyCount "98"]

1. e4 e5 2. Nc3 Nc6 3. Bc4 Nf6 4. d3 Na5 5. Be3 Nxc4 6. dxc4 Bb4 7. Qd3 d6 8.
f3 Nd7 9. Nge2 O-O 10. O-O-O Bxc3 11. Nxc3 b6 12. g4 Bb7 13. h4 Qe7 14. Nd5
Bxd5 15. Qxd5 a5 16. a4 Nc5 17. Bxc5 bxc5 18. b3 Kh8 19. Qd2 f6 20. Rdg1 Qd8
21. Qd3 Qd7 22. Rd1 Qe6 23. Qc3 Kg8 24. Rd2 Kf7 25. Rg2 Ke7 26. Qd2 Kd7 27. Rd1
Kc6 28. h5 Kb6 29. Rh2 Rae8 30. Qe3 Qf7 31. Rdh1 Rg8 32. Qd3 Re7 33. Kb2 Rf8
34. Qd2 g6 35. hxg6 hxg6 36. Rh8 f5 37. Rxf8 Qxf8 38. Qg5 fxe4 39. fxe4 Rg7 40.
Qh6 Qf7 41. Rh3 Rg8 42. Qd2 Rf8 43. Qg5 Qf4 44. Qxf4 exf4 45. Rf3 Kc6 46. c3
Kd7 47. Ka3 Ke6 48. b4 Ke5 49. bxa5 Kxe4 0-1

[Event "78th UKR-ch"]
[Site "Alushta UKR"]
[Date "2009.05.18"]
[Round "8"]
[White "Matviychuk, Olexandr"]
[WhiteElo "2149"]
[Black "Razin, Vadim"]
[BlackElo "2284"]
[Result "0-1"]
[EventDate "2009.05.10"]
[PlyCount "54"]

1. e4 e6 2. d4 d5 3. Nc3 Bb4 4. Nge2 dxe4 5. a3 Bxc3+ 6. Nxc3 Nc6 7. Bb5 Nge7
8. Bg5 f6 9. Be3 O-O 10. Nxe4 Qd5 11. Bd3 f5 12. Ng5 Qxg2 13. Qh5 h6 14. O-O-O
Qg4 15. Qxg4 fxg4 16. Ne4 Nf5 17. Be2 e5 18. dxe5 Nxe3 19. fxe3 Nxe5 20. Rd5
Re8 21. Rg1 b6 22. Rd4 Bb7 23. Bxg4 c5 24. Bh5 Rf8 25. Rd6 Bxe4 26. Re6 Rf5 27.
Re7 Rxh5 0-1